Assault on Precinct 13 / Rogue Pictures presents a ... Read More
Available copies
- 2 of 2 copies available at LARL/NWRL Consortium.
- 1 of 1 copy available at Northwest Regional Library. (Show preferred library)
Current holds
0 current holds with 2 total copies.
Show Only Available Copies
| Location | Call Number / Copy Notes | Barcode | Shelving Location | Status | Due Date |
|---|---|---|---|---|---|
| Godel Memorial-Warren Library | DVD ASS (Text) | 35500006398117 | New | Available | - |
| Moorhead Public Library | DVD ASS (Text) | 33500013415336 | Main | Available | - |
Record details
- ISBN: 1417030046
- ISBN: 9781417030040
- Physical Description: 1 videodisc (109 min.) : sound, color ; 4 3/4 in.
- Edition: [Full screen ed.].
- Publisher: [Universal City, Calif.] : Universal Studios Home Entertainment, ©2005.
Content descriptions
| General Note: | Originally released as a motion picture in 2005. Based on an earlier film by John Carpenter with the same title. Special features: Armed and dangerous; behind precinct walls; plan of attack; the assault team; ... Read More |
| Creation/Production Credits Note: | Director of photography, Robert Gantz ; art ... Read More |
| Participant or Performer Note: | Ethan Hawke, Laurence Fishburne, John Leguizamo, ... Read More |
| Summary, etc.: | A notorious mobster is brought into an ... Read More |
| Target Audience Note: | MPAA rating: R; for strong violence and language ... Read More |
| System Details Note: | DVD, region 1, 1.33:1 presentation; Dolby Digital ... Read More |
| Language Note: | English or French dialogue with optional French or ... Read More |
Search for related items by subject
| Subject: | Police corruption > Drama. Police > Violence against > Drama. Police corruption. Police > Violence against. |
| LDR | 04305cgm a2200817Ia 4500 | ||
|---|---|---|---|
| 001 | 362998 | ||
| 003 | LARL_NWRL_CONSORTIUM | ||
| 005 | 20210623154259.0 | ||
| 008 | 050224s2005 cau109 e vleng d | ||
| 007 | vd cvaizk | ||
| 040 | . | ‡aTEFMT ‡beng ‡cTEFMT ‡dTEF ‡dOCLCQ ‡dOCL ‡dBTCTA ‡dOCLCQ ‡dOCLCA ‡dOCLCQ ‡dJSE ‡dOCLCQ ‡dBDX ‡dEYP ‡dWAU ‡dOCLCF ‡dOCL ‡dOCLCA ‡dOCLCQ ‡dOCLCO ‡dTDS ‡dINR ‡dOCLCQ ‡dNEPCL ‡dOCLCQ ‡dOCLCO ‡dZQP ‡dOCLCO ‡dWIQ ‡dOCLCO | |
| 019 | . | ‡a760069570 ‡a965589946 | |
| 020 | . | ‡a1417030046 | |
| 020 | . | ‡a9781417030040 | |
| 024 | 1 | . | ‡a025192629525 |
| 024 | 1 | . | ‡a025192629426 |
| 028 | 4 | 2. | ‡a26295 ‡bUniversal Studios Home Entertainment |
| 035 | . | ‡a(OCoLC)57727542 ‡z(OCoLC)760069570 ‡z(OCoLC)965589946 | |
| 037 | . | ‡bMidwest Tapes ‡nhttp://www.midwesttapes.com | |
| 041 | 1 | . | ‡aeng ‡afre ‡jfre ‡jspa ‡heng |
| 082 | 0 | 4. | ‡a791.43/72 ‡222 |
| 130 | 0 | . | ‡aAssault on Precinct 13 (Motion picture : 2005) |
| 245 | 1 | 0. | ‡aAssault on Precinct 13 / ‡cRogue Pictures presents a Why Not production ; a Liaison Films production ; a Biscayne Pictures production ; produced by Pascal Caucheteux, Stephane Sperry, Jeffrey Silver ; screenplay by James DeMonaco ; directed by Jean-François Richet. |
| 246 | 3 | . | ‡aAssault on precinct thirteen |
| 250 | . | ‡a[Full screen ed.]. | |
| 260 | . | ‡a[Universal City, Calif.] : ‡bUniversal Studios Home Entertainment, ‡c©2005. | |
| 300 | . | ‡a1 videodisc (109 min.) : ‡bsound, color ; ‡c4 3/4 in. | |
| 336 | . | ‡atwo-dimensional moving image ‡btdi ‡2rdacontent | |
| 337 | . | ‡avideo ‡bv ‡2rdamedia | |
| 338 | . | ‡avideodisc ‡bvd ‡2rdacarrier | |
| 538 | . | ‡aDVD, region 1, 1.33:1 presentation; Dolby Digital 5.1 surround, DTS 5.1 surround. | |
| 546 | . | ‡aEnglish or French dialogue with optional French or Spanish subtitles; closed-captioned. | |
| 511 | 1 | . | ‡aEthan Hawke, Laurence Fishburne, John Leguizamo, Maria Bello, Jeffrey "Ja Rule" Atkins, Drea de Matteo, Matt Craven, Brian Dennehy, Gabriel Byrne. |
| 508 | . | ‡aDirector of photography, Robert Gantz ; art director, Nigel Churcher ; editor, Bill Pankow ; music, Graeme Revell ; costume designers, Vicki Graef, Georgina Yarhi ; production designer, Paul Denham Austerberry. | |
| 500 | . | ‡aOriginally released as a motion picture in 2005. | |
| 500 | . | ‡aBased on an earlier film by John Carpenter with the same title. | |
| 521 | 8 | . | ‡aMPAA rating: R; for strong violence and language throughout and for some drug content. |
| 520 | . | ‡aA notorious mobster is brought into an under-manned police precinct on its last day of operation. Remaining cops and prisoners must fight for their lives against a group of rogue cops intent on taking down the mobster before he testifies against them. | |
| 500 | . | ‡aSpecial features: Armed and dangerous; behind precinct walls; plan of attack; the assault team; audio commentary with Jean-Francois Richet, James DeMonaco and Jeffrey Silver; deleted scenes; caught in the crosshairs. | |
| 650 | 0. | ‡aPolice corruption ‡vDrama. | |
| 650 | 0. | ‡aPolice ‡xViolence against ‡vDrama. | |
| 650 | 7. | ‡aPolice corruption. ‡2fast ‡0(LARL_NWRL_CONSORTIUM)28455 | |
| 650 | 7. | ‡aPolice ‡xViolence against. ‡2fast ‡0(LARL_NWRL_CONSORTIUM)159126 | |
| 655 | 7. | ‡aFeature films. ‡2lcgft ‡0(LARL_NWRL_CONSORTIUM)175625 | |
| 655 | 7. | ‡aVideo recordings for the hearing impaired. ‡2lcgft ‡0(LARL_NWRL_CONSORTIUM)175744 | |
| 655 | 4. | ‡aVideo recordings for the hearing impaired. ‡0(LARL_NWRL_CONSORTIUM)175744 | |
| 655 | 4. | ‡aFeature films. ‡0(LARL_NWRL_CONSORTIUM)175625 | |
| 655 | 7. | ‡aDrama. ‡2fast | |
| 655 | 7. | ‡aFeature films. ‡2fast ‡0(LARL_NWRL_CONSORTIUM)175625 | |
| 655 | 7. | ‡aFilms for the hearing impaired. ‡2fast ‡0(LARL_NWRL_CONSORTIUM)175629 | |
| 655 | 7. | ‡aVideo recordings for the hearing impaired. ‡2fast ‡0(LARL_NWRL_CONSORTIUM)175744 | |
| 655 | 7. | ‡aFilms for the hearing impaired. ‡2lcgft ‡0(LARL_NWRL_CONSORTIUM)175629 | |
| 700 | 1 | . | ‡aRichet, Jean-François. |
| 700 | 1 | . | ‡aDemonaco, James. ‡0(LARL_NWRL_CONSORTIUM)202036 |
| 700 | 1 | . | ‡aCarpenter, John, ‡d1948- ‡0(LARL_NWRL_CONSORTIUM)149959 |
| 700 | 1 | . | ‡aHawke, Ethan, ‡d1970- ‡0(LARL_NWRL_CONSORTIUM)111424 |
| 700 | 1 | . | ‡aFishburne, Laurence, ‡cIII, ‡d1961- |
| 700 | 1 | . | ‡aLeguizamo, John. ‡0(LARL_NWRL_CONSORTIUM)110457 |
| 700 | 1 | . | ‡aBello, Maria, ‡d1967- ‡0(LARL_NWRL_CONSORTIUM)206610 |
| 700 | 0 | . | ‡aJa Rule. ‡0(LARL_NWRL_CONSORTIUM)136246 |
| 700 | 1 | . | ‡aDe Matteo, Drea. ‡0(LARL_NWRL_CONSORTIUM)207972 |
| 700 | 1 | . | ‡aCraven, Matt. ‡0(LARL_NWRL_CONSORTIUM)137158 |
| 700 | 1 | . | ‡aDennehy, Brian. ‡0(LARL_NWRL_CONSORTIUM)108925 |
| 700 | 1 | . | ‡aByrne, Gabriel, ‡d1950- ‡0(LARL_NWRL_CONSORTIUM)106670 |
| 700 | 1 | . | ‡aGantz, Robert. |
| 700 | 1 | . | ‡aRevell, Graeme. ‡0(LARL_NWRL_CONSORTIUM)114346 |
| 710 | 2 | . | ‡aRogue Pictures. ‡0(LARL_NWRL_CONSORTIUM)210815 |
| 710 | 2 | . | ‡aUniversal Studios Home Entertainment (Firm) ‡0(LARL_NWRL_CONSORTIUM)210736 |
| 901 | . | ‡a362998 ‡b ‡c362998 ‡tbiblio | |

Add to basket
Permalink
Disable Highlighting